| 000 | 01979nam a2200433 c 4500 | ||
|---|---|---|---|
| 003 | BLK | ||
| 005 | 20250104113818.0 | ||
| 008 | 180408b bul|||||r ||||||| ||bul|| | ||
| 010 | _aKNG00084882000 | ||
| 020 |
_a978-954-92098-2-2 _bиздат.: Кайлас |
||
| 040 | _aBLK | ||
| 041 |
_aBUL _cBUL |
||
| 080 |
_aВътрешна политика. Вж и 329 _b323 _x(497.2)(092) _z323(497.2)(092) |
||
| 080 |
_aСпециална част на наказателното право. Видове наказуеми действия - Срещу собствена или чужда държава и управлението, политически престъпления,геноцид(прав.аспекти), наркотрафик, против мира, обществен _b343.3/.7 _x(497.2)(092) _z343.3/.7(497.2)(092) |
||
| 080 |
_aБиографии _b929 _x(497.2) _z929(497.2) |
||
| 100 | 1 |
_aЛилов, Григор Тодоров _eпърви автор _9291602 |
|
| 139 |
_aЛилов, Григор Тодоров _bЛ 58 |
||
| 245 | 1 | 0 |
_aЪндърграунд 1 _bДоктора ; Самоковеца _cГригор Тодоров Лилов. |
| 257 | _aBGR | ||
| 260 |
_аСофия _bКайлас _c2008 |
||
| 300 |
_a238 с. _bсъс сн. _c20 см |
||
| 380 | _a3 | ||
| 590 | _aф | ||
| 650 | 4 |
_aМафия - България _9250884 |
|
| 650 | 4 |
_aОрганизирана престъпност - България _9277782 |
|
| 650 | 4 |
_aИкономически групировки - България _9299643 |
|
| 651 | 4 |
_aБългария _9241624 |
|
| 653 | _aмафия | ||
| 653 | _aорганизирана престъпност | ||
| 653 | _aпрестъпници | ||
| 653 | _aДоктора | ||
| 653 | _aСамоковеца | ||
| 852 | _aЦб 240775 | ||
| 856 | 4 |
_qpdf _u |
|
| 856 | 4 |
_qpdf _u |
|
| 942 |
_cKNG _n0 _02 |
||
| 944 |
_aCR _c18.08.2008 _k30553 _lИваничка Йорданова |
||
| 944 |
_aED _c16.07.2009 _k |
||
| 999 |
_c80396 _d80396 |
||